Top 20 Countries With The Most Exports - Statistics

General Stats
  • This quiz has been taken 84 times
  • The average score is 18 of 20
Answer Stats
$/year Answer % Correct
2.4 Tn China
100%
1.4 Tn Germany
99%
496 Bn Italy
98%
313 Bn Spain
98%
441 Bn United Kingdom
98%
1.5 Tn United States
98%
304 Bn India
96%
688 Bn Japan
96%
423 Bn Canada
95%
549 Bn France
95%
353 Bn Russia
95%
409 Bn Mexico
93%
577 Bn South Korea
93%
555 Bn Netherlands
88%
300 Bn Belgium
83%
313 Bn Switzerland
79%
329 Bn Taiwan
78%
308 Bn United Arab Emirates
74%
235 Bn Thailand
73%
396 Bn Singapore
71%
No matching quizzes found
Score Distribution
Percent of People with Each Score
Percentile by Number Answered
Your Score History
You have not taken this quiz